|
|
|
|
| LEADER |
01286nam a22002537a 4500 |
| 001 |
AAL4338 |
| 003 |
BD-DhAAL |
| 005 |
20160305200320.0 |
| 008 |
160305m19951982bg a|||| |||| 00| 0 mul d |
| 020 |
|
|
|a 9840731793
|
| 040 |
|
|
|a BD-DhAAL
|c BD-DhAAL
|
| 082 |
|
|
|a 954.14
|
| 100 |
|
|
|a রহিম, মুহম্মদ আবদূর
|9 18359
|
| 245 |
|
|
|a বাংলার সামাজিক ও সাংস্কৃতিক ইতিহাস :
|b (১২০৩-১৫৭৬খ্রীঃ) /
|c মুহম্মদ আবদূর রহিম অনূদিত মোহাম্মদ আসাদুজ্জামান
|n (প্রথম খন্ড)
|
| 260 |
|
|
|a ঢাকা :
|b বাংলা একাডেমী ঢাকা,
|c 1995
|
| 300 |
|
|
|a ৪১৬ পৃ. :
|b চিত্র ;
|c ২২ সে.মি.
|
| 504 |
|
|
|6 Includes bibliographies and index
|
| 541 |
|
|
|e 4338
|
| 651 |
|
|
|a Bengal (India)
|x History
|9 18360
|
| 700 |
|
|
|a আসাদুজ্জামান, মোহাম্মদ
|9 18361
|
| 852 |
|
|
|a Savar Campus Library
|c General Shelf
|
| 942 |
|
|
|2 ddc
|c BK
|
| 999 |
|
|
|c 37043
|d 37043
|
| 952 |
|
|
|0 0
|1 0
|2 ddc
|4 0
|6 954_140000000000000_RAH
|7 0
|9 58289
|a SCL
|b SCL
|c GEN
|d 2016-03-05
|g 140.00
|l 2
|o 954.14 RAH
|p 3020004338
|r 2025-12-07
|s 2025-12-02
|t 1
|w 2016-03-05
|y BK
|